[Event "Top16 Gonfreville l'Orcher"]
[Site "?"]
[Date "2007.04.30"]
[Round "6"]
[White "De la Riva Aguado, Oscar"]
[Black "Strugnell, Carl"]
[Result "1-0"]
[WhiteElo "2525"]
[BlackElo "2225"]
[PlyCount "97"]
[SourceDate "2007.04.30"]
[WhiteTeam "Marseille"]
[BlackTeam "Créteil"]

1. e4 c5 2. Nc3 Nc6 3. Bb5 Nd4 4. Bc4 e6 5. Nf3 Nf6 6. O-O a6 7. Re1 b5 8. Bf1
Bb7 9. d3 Nxf3+ 10. Qxf3 Be7 11. Qg3 O-O 12. e5 Ne8 13. Ne4 Rc8 14. Be3 Kh8 15.
c3 f5 16. exf6 gxf6 17. f4 d5 18. Nd2 Nd6 19. Bf2 Nf5 20. Qh3 Qd6 21. Nf3 Rce8
22. g4 Ng7 23. Bg3 d4 24. Nh4 Kg8 25. f5 e5 26. Rad1 dxc3 27. bxc3 Bd8 28. Bg2
Rf7 29. Bxb7 Rxb7 30. Qg2 Rd7 31. Re4 Bb6 32. Kh1 Red8 33. g5 fxg5 34. Bxe5 Qh6
35. Rg1 Bc7 36. Nf3 Bxe5 37. Nxe5 Rd5 38. Qxg5 Qxg5 39. Rxg5 Kf8 40. f6 Ne8 41.
Rf4 Nc7 42. Rfg4 Rxe5 43. Rxe5 Rxd3 44. Rxc5 Ne6 45. Rc6 Kf7 46. Re4 Ng5 47.
Re7+ Kg6 48. f7+ Kg7 49. Rf6 1-0

[Event "Top16 Gonfreville l'Orcher"]
[Site "?"]
[Date "2007.04.30"]
[Round "6"]
[White "Amigues, Emmanuel"]
[Black "Romieux, Sébastien"]
[Result "1/2-1/2"]
[WhiteElo "2388"]
[BlackElo "2243"]
[PlyCount "50"]
[SourceDate "2007.04.30"]
[WhiteTeam "Marseille"]
[BlackTeam "Créteil"]

1. Nf3 Nf6 2. c4 e6 3. Nc3 Bb4 4. Qc2 b6 5. g3 Bb7 6. Bg2 O-O 7. a3 Bxc3 8.
Qxc3 Ne4 9. Qc2 f5 10. O-O Nf6 11. d3 d6 12. Re1 Qe8 13. e4 fxe4 14. dxe4 e5
15. b4 Nbd7 16. h3 a5 17. Bb2 axb4 18. axb4 Rxa1 19. Bxa1 Nxe4 20. Rxe4 Qa8 21.
Rh4 Qxa1+ 22. Kh2 Nf6 23. Ng5 Bxg2 24. Kxg2 Qa8+ 25. Kg1 Qa1+ 1/2-1/2

[Event "Top16 Gonfreville l'Orcher"]
[Site "?"]
[Date "2007.04.30"]
[Round "6"]
[White "Bouchet, Nicolas"]
[Black "Jedynak, Radoslaw"]
[Result "0-1"]
[WhiteElo "2316"]
[BlackElo "2538"]
[PlyCount "68"]
[SourceDate "2007.04.30"]
[WhiteTeam "Créteil"]
[BlackTeam "Marseille"]

1. e4 c6 2. d4 d5 3. e5 Bf5 4. c4 e6 5. Nc3 Nd7 6. f4 dxc4 7. Bxc4 Nb6 8. Bb3
Ne7 9. Nge2 Bg4 10. h3 Bxe2 11. Nxe2 Nf5 12. O-O h5 13. Qd3 g6 14. Be3 Qd7 15.
Bf2 h4 16. Qf3 Be7 17. Rfd1 O-O-O 18. Rab1 Nd5 19. Bc2 Rdg8 20. Nc3 Kb8 21. a3
Bd8 22. Bxf5 gxf5 23. Nxd5 cxd5 24. Qb3 Rg6 25. Kh2 f6 26. exf6 Bc7 27. Qe3 Qd6
28. Qe5 Qc6 29. Qe3 Qc2 30. Kh1 Qe4 31. Qxe4 fxe4 32. Rf1 Rxf6 33. Bg1 Rhf8 34.
Bh2 Bxf4 0-1

[Event "Top16 Gonfreville l'Orcher"]
[Site "?"]
[Date "2007.04.30"]
[Round "6"]
[White "Brih, Said"]
[Black "Gozzoli, Yannick"]
[Result "0-1"]
[WhiteElo "2222"]
[BlackElo "2453"]
[PlyCount "118"]
[SourceDate "2007.04.30"]
[WhiteTeam "Créteil"]
[BlackTeam "Marseille"]

1. e4 c5 2. d3 Nc6 3. g3 d5 4. Nd2 Nf6 5. Bg2 g6 6. Ngf3 Bg7 7. O-O O-O 8. Re1
e5 9. exd5 Nxd5 10. Nb3 b6 11. Bg5 Qd7 12. Qd2 Bb7 13. Bh6 f6 14. Re4 Rad8 15.
Rh4 Bxh6 16. Rxh6 Qg7 17. Rh4 f5 18. Ng5 Nf6 19. Ne6 Qf7 20. Nxf8 Rxf8 21. Re1
Re8 22. Qg5 Nd8 23. Bxb7 Nxb7 24. Nd2 Nd6 25. f3 Qg7 26. Ra4 h6 27. Qe3 Nd5 28.
Qf2 Qd7 29. Rh4 Kg7 30. Nc4 Nf7 31. Ne3 Nf6 32. f4 e4 33. g4 fxg4 34. dxe4 Rxe4
35. Rd1 Rd4 36. Rxd4 cxd4 37. Nc4 Qd5 38. Ne5 Nxe5 39. fxe5 Qxe5 40. Qg3 Qc5
41. b4 Qxc2 42. Qe1 Qc7 43. h3 d3 44. Qe3 d2 45. Qxh6+ Kf7 46. Qxd2 Qg3+ 47.
Qg2 Qe1+ 48. Kh2 Qxh4 49. Qb7+ Ke6 50. Qc8+ Ke5 51. Qc3+ Kf5 52. Qd3+ Kg5 53.
Qe3+ Kh5 54. Qe5+ Kh6 55. Qf4+ Qg5 56. Qd6 Qf5 57. Qf8+ Kg5 58. h4+ Kxh4 59.
Qh8+ Kg5 0-1

[Event "Top16 Gonfreville l'Orcher"]
[Site "?"]
[Date "2007.04.30"]
[Round "6"]
[White "Guadalpi, David"]
[Black "Guilleux, Fabien"]
[Result "1/2-1/2"]
[WhiteElo "2336"]
[BlackElo "2203"]
[PlyCount "77"]
[SourceDate "2007.04.30"]
[WhiteTeam "Marseille"]
[BlackTeam "Créteil"]

1. d4 Nf6 2. c4 g6 3. Nc3 Bg7 4. e4 d6 5. Nf3 O-O 6. Be2 e5 7. O-O Nc6 8. d5
Ne7 9. b4 Nh5 10. Re1 f5 11. Ng5 Nf6 12. Bf3 c6 13. b5 h6 14. Ne6 Bxe6 15. dxe6
fxe4 16. Nxe4 Nxe4 17. Bxe4 d5 18. cxd5 cxd5 19. Ba3 dxe4 20. Qxd8 Rfxd8 21.
Bxe7 Re8 22. Bc5 Rxe6 23. Be3 a6 24. b6 Bf6 25. a4 Rc8 26. a5 Rc4 27. Red1 Kf7
28. Rac1 Rxc1 29. Rxc1 h5 30. Kf1 Bd8 31. Rc5 Ke8 32. Ke2 Kd7 33. Bd2 Rc6 34.
Rd5+ Rd6 35. Rxe5 Re6 36. Rd5+ Rd6 37. Re5 Re6 38. Rd5+ Rd6 39. Re5 1/2-1/2

[Event "Top16 Gonfreville l'Orcher"]
[Site "?"]
[Date "2007.04.30"]
[Round "6"]
[White "Vachier-Lagrave, Maxime"]
[Black "Schlosser, Philipp"]
[Result "1/2-1/2"]
[WhiteElo "2593"]
[BlackElo "2565"]
[PlyCount "48"]
[SourceDate "2007.04.30"]
[WhiteTeam "Paris Chess Club"]
[BlackTeam "Bischwiller"]

1. e4 e5 2. Nf3 Nc6 3. Bb5 a6 4. Bxc6 dxc6 5. O-O Ne7 6. Nxe5 Qd4 7. Qh5 g6 8.
Qg5 Bg7 9. Nd3 f5 10. e5 c5 11. b3 b6 12. Bb2 Qg4 13. Qe3 Nd5 14. Qe1 Bb7 15.
f3 Qg5 16. c4 Ne7 17. h4 Qh6 18. Qg3 O-O-O 19. Nf4 Nc6 20. Nd5 f4 21. Qxf4 Qxf4
22. Nxf4 Bxe5 23. Bxe5 Nxe5 24. Nc3 Rxd2 1/2-1/2

[Event "Top16 Gonfreville l'Orcher"]
[Site "?"]
[Date "2007.04.30"]
[Round "6"]
[White "Hauchard, Arnaud"]
[Black "Buhmann, Rainer"]
[Result "1/2-1/2"]
[WhiteElo "2474"]
[BlackElo "2581"]
[PlyCount "64"]
[SourceDate "2007.04.30"]
[WhiteTeam "Paris Chess Club"]
[BlackTeam "Bischwiller"]

1. e4 e6 2. d4 d5 3. Nd2 c5 4. exd5 Qxd5 5. Ngf3 cxd4 6. Bc4 Qd6 7. O-O Nf6 8.
Nb3 Nc6 9. Nbxd4 Nxd4 10. Nxd4 Bd7 11. Re1 Qc7 12. Qe2 O-O-O 13. Be3 Bd6 14. h3
Bh2+ 15. Kh1 Bf4 16. Bb3 Kb8 17. Rad1 Bxe3 18. Qxe3 h5 19. Qg5 Bc6 20. Nxc6+
Qxc6 21. Rxd8+ Rxd8 22. f3 Rg8 23. Rd1 Qc7 24. Rd3 a6 25. h4 Ka8 26. Kg1 Rd8
27. Rxd8+ Qxd8 28. Qxg7 Qd4+ 29. Kf1 Qd1+ 30. Kf2 Qd2+ 31. Kg3 Qe1+ 32. Kh3
Qh1+ 1/2-1/2

[Event "Top16 Gonfreville l'Orcher"]
[Site "?"]
[Date "2007.04.30"]
[Round "6"]
[White "Wagner, Claude"]
[Black "Pilé, Richard"]
[Result "1/2-1/2"]
[WhiteElo "2365"]
[BlackElo "2285"]
[PlyCount "45"]
[SourceDate "2007.04.30"]
[WhiteTeam "Bischwiller"]
[BlackTeam "Paris Chess Club"]

1. d4 Nf6 2. Nf3 e6 3. c4 b6 4. Nc3 Bb4 5. Bg5 h6 6. Bh4 Bxc3+ 7. bxc3 Bb7 8.
Nd2 d6 9. f3 Qe7 10. e4 e5 11. Bd3 Nc6 12. Nb3 Nd8 13. O-O Ne6 14. c5 g5 15.
cxd6 cxd6 16. Bb5+ Kf8 17. Bf2 Kg7 18. c4 Rhc8 19. Rc1 Rc7 20. Be1 a6 21. Bb4
Qd8 22. Ba4 Rac8 23. Qd3 1/2-1/2

[Event "Top16 Gonfreville l'Orcher"]
[Site "?"]
[Date "2007.04.30"]
[Round "6"]
[White "De Sousa, José Claude"]
[Black "Netzer, Jean"]
[Result "1/2-1/2"]
[WhiteElo "2294"]
[BlackElo "2396"]
[PlyCount "36"]
[SourceDate "2007.04.30"]
[WhiteTeam "Paris Chess Club"]
[BlackTeam "Bischwiller"]

1. e4 c5 2. Nf3 e6 3. d4 cxd4 4. Nxd4 Nc6 5. Nb5 d6 6. Bf4 e5 7. Be3 Nf6 8. Bg5
Be6 9. Bxf6 gxf6 10. Nd2 a6 11. Nc3 Rc8 12. Bc4 Bh6 13. Bxe6 Bxd2+ 14. Qxd2
fxe6 15. O-O O-O 16. Kh1 Nd4 17. f4 b5 18. Rac1 Qd7 1/2-1/2

[Event "Top16 Gonfreville l'Orcher"]
[Site "?"]
[Date "2007.04.30"]
[Round "6"]
[White "Heinz, Timothée"]
[Black "Spiridonov, Nikola"]
[Result "0-1"]
[WhiteElo "2289"]
[BlackElo "2363"]
[PlyCount "122"]
[SourceDate "2007.04.30"]
[WhiteTeam "Bischwiller"]
[BlackTeam "Paris Chess Club"]

1. e4 c5 2. Nf3 Nc6 3. d4 cxd4 4. Nxd4 g6 5. Nc3 Bg7 6. Be3 Nf6 7. Bc4 Qa5 8.
O-O O-O 9. Bb3 d6 10. Nd5 Re8 11. f3 Bd7 12. Ne2 Rac8 13. Nef4 Nxd5 14. exd5
Ne5 15. Bd4 Bb5 16. Re1 Bc4 17. c3 Bh6 18. Bxe5 dxe5 19. Nd3 Qxd5 20. Bxc4 Qxc4
21. Nxe5 Qc5+ 22. Kh1 Bg7 23. f4 Rcd8 24. Qb3 Bxe5 25. fxe5 Qd5 26. Qa4 a6 27.
Rad1 Qe6 28. a3 Kg7 29. h3 b5 30. Qf4 Rc8 31. Rd4 Rc5 32. Qg5 h6 33. Qe3 Rec8
34. Rh4 h5 35. Qg5 Rh8 36. Rd4 Rc4 37. Red1 Rhc8 38. Rd7 R8c7 39. Rd8 Rc8 40.
R8d7 R4c7 41. R7d5 Rc5 42. Rxc5 Rxc5 43. Re1 Rd5 44. Qf4 Qf5 45. Qe3 Qd3 46.
Qf4 Qd2 47. Qh4 Qxb2 48. Qxe7 Qf2 49. Rg1 Qf5 50. Re1 Rd7 51. Qe8 Qe6 52. Qb8
Rd2 53. Qc7 Qd5 54. Rg1 Rd3 55. Kh2 Re3 56. Qb6 Qxe5+ 57. Kh1 Qxc3 58. Rf1 Re6
59. Qd8 Qxa3 60. Qd4+ Kg8 61. Qg7+ Kxg7 0-1

[Event "Top16 Gonfreville l'Orcher"]
[Site "?"]
[Date "2007.04.30"]
[Round "6"]
[White "Kessler, Martin"]
[Black "Mensch, Etienne"]
[Result "0-1"]
[WhiteElo "2149"]
[BlackElo "2348"]
[PlyCount "118"]
[SourceDate "2007.04.30"]
[WhiteTeam "Paris Chess Club"]
[BlackTeam "Bischwiller"]

1. e4 Nf6 2. e5 Nd5 3. Nc3 Nxc3 4. bxc3 c5 5. f4 d6 6. Nf3 g6 7. d4 Bg7 8. Bd3
O-O 9. Qe2 dxe5 10. dxe5 Nc6 11. h4 Bf5 12. Bxf5 gxf5 13. h5 h6 14. Be3 Qd5 15.
c4 Qe4 16. Bxc5 Qxe2+ 17. Kxe2 Rfc8 18. Bf2 Nb4 19. c3 Nc2 20. Rac1 Na3 21. c5
Nc4 22. Rhd1 e6 23. Rd7 b6 24. Rb1 Bf8 25. Rb4 Na5 26. Rb5 a6 27. Rxb6 Bxc5 28.
Bxc5 Rxc5 29. Rd3 Rc4 30. g3 Ra4 31. Rb2 Rc8 32. Nd2 Ra3 33. c4 Ra4 34. Rc2 Nc6
35. a3 Rb8 36. Rd6 Rc8 37. Rc3 Kf8 38. Kd3 Ke7 39. c5 Na7 40. Rb3 Nb5 41. Rxa6
Rxa6 42. Rxb5 Rxa3+ 43. Nb3 Kd7 44. Kc4 Ra4+ 45. Kc3 Kc7 46. Na5 Ra8 47. Nc4
Kc6 48. Rb3 Ra1 49. Nd6 Rg1 50. Kb2 Rg2+ 51. Kb1 Rg8 52. Nxf7 R8xg3 53. Rb6+
Kxc5 54. Rd6 Rf3 55. Rd1 Rxf4 56. Nd6 Rb4+ 57. Ka1 f4 58. Nf7 Rg7 59. Rc1+ Kb6
0-1

[Event "Top16 Gonfreville l'Orcher"]
[Site "?"]
[Date "2007.04.30"]
[Round "6"]
[White "Lallemand, Roza"]
[Black "Afflalo, Sophie"]
[Result "1-0"]
[WhiteElo "2222"]
[BlackElo "1954"]
[PlyCount "61"]
[SourceDate "2007.04.30"]
[WhiteTeam "Bischwiller"]
[BlackTeam "Paris Chess Club"]

1. e4 c5 2. Nf3 Nc6 3. Bb5 g6 4. O-O d6 5. d4 cxd4 6. Qxd4 f6 7. Nc3 Bd7 8.
Bxc6 bxc6 9. Be3 e5 10. Qd2 Kf7 11. Rfd1 Bg4 12. Qe2 Qc7 13. Nxe5+ fxe5 14.
Qxg4 Nf6 15. Qe2 Kg7 16. Qc4 Qb7 17. Bg5 Re8 18. Rd3 h6 19. Bxf6+ Kxf6 20. Rf3+
Kg7 21. b4 a6 22. a4 Rd8 23. b5 axb5 24. axb5 d5 25. bxc6 dxc4 26. cxb7 Bc5 27.
Nd5 Rb8 28. Nc7 Be7 29. Ne6+ Kg8 30. Ra8 Bd6 31. Rxb8+ 1-0

[Event "Top 16 Gonfreville l'Orcher"]
[Site "?"]
[Date "2007.05.01"]
[Round "7"]
[White "Miralles, Gilles"]
[Black "Collas, Didier"]
[Result "1-0"]
[WhiteElo "2486"]
[BlackElo "2472"]
[PlyCount "81"]
[EventDate "2007.??.??"]
[SourceDate "2007.04.30"]
[WhiteTeam "Antibes"]
[BlackTeam "Gonfreville"]

1. d4 Nf6 2. c4 e6 3. Nc3 Bb4 4. a3 Bxc3+ 5. bxc3 c5 6. f3 Nc6 7. e4 d6 8. Be3
b6 9. Bd3 e5 10. Ne2 cxd4 11. cxd4 Nxd4 12. Nxd4 exd4 13. Bxd4 O-O 14. O-O Nd7
15. Rc1 Nc5 16. Bb1 Be6 17. f4 f6 18. Rc3 Kh8 19. Qc2 Bg8 20. Rh3 Rc8 21. e5 f5
22. exd6 Qxd6 23. Be5 Qe7 24. Rg3 Rf7 25. Qb2 Ne4 26. Bxe4 fxe4 27. f5 Qd7 28.
h4 Rxc4 29. h5 Rc6 30. f6 g6 31. hxg6 hxg6 32. Rxg6 Rc5 33. Rg5 Qd3 34. Qf2 e3
35. Qg3 Bh7 36. Rh5 Rc8 37. Re1 Rc2 38. Qxe3 Qxe3+ 39. Rxe3 Kg8 40. Rg5+ Kh8
41. Bc3 1-0

[Event "Top16 Gonfreville l'Orcher"]
[Site "?"]
[Date "2007.05.01"]
[Round "7"]
[White "Degraeve, Jean-Marc"]
[Black "Kotronias, Vasilios"]
[Result "0-1"]
[WhiteElo "2549"]
[BlackElo "2570"]
[PlyCount "156"]
[EventDate "2007.??.??"]
[SourceDate "2007.04.30"]
[WhiteTeam "Gonfreville"]
[BlackTeam "Antibes"]

1. e4 c5 2. Nf3 Nc6 3. d4 cxd4 4. Nxd4 Nf6 5. Nc3 d6 6. Bc4 Qb6 7. Nxc6 bxc6 8.
O-O g6 9. Qe1 Qc5 10. b3 Bg7 11. Bb2 O-O 12. Na4 Qh5 13. Be2 Qh4 14. e5 dxe5
15. Bxe5 Bf5 16. c4 Rad8 17. Rd1 Rxd1 18. Qxd1 Nh5 19. Bxg7 Nxg7 20. Bf3 Qf6
21. Re1 e5 22. Qd2 Re8 23. Nc5 h5 24. Be4 Qe7 25. Bxc6 Rc8 26. Qd5 Rd8 27. Bd7
Ne6 28. Nxe6 Bxe6 29. Bxe6 Rxd5 30. Bxd5 Qa3 31. g3 Qxa2 32. Re3 Kg7 33. Kg2
Qb2 34. Bf3 f5 35. c5 e4 36. Bxe4 fxe4 37. Rxe4 Qf6 38. b4 Qc6 39. f3 Kf6 40.
h4 Qd5 41. g4 Qd2+ 42. Kg3 a6 43. Rf4+ Ke5 44. Re4+ Kd5 45. Rf4 Qe1+ 46. Kh3
Qe3 47. Rf6 Ke5 48. g5 Qf2 49. c6 Qb6 50. Rxg6 Kf4 51. Rf6+ Ke3 52. g6 Qc7 53.
Kg2 Qg7 54. Re6+ Kf4 55. Re4+ Kf5 56. Rc4 Qxg6+ 57. Kf2 Qg8 58. Rc5+ Kf4 59. c7
Qa2+ 60. Ke1 Qe6+ 61. Kd2 Qc8 62. Kc3 Kxf3 63. Kb3 Kg4 64. Rc4+ Kf5 65. Rc5+
Ke6 66. Ka4 Kd6 67. Ka5 Kd7 68. Kb6 Kd6 69. Rc2 Ke7 70. Rc6 Kd7 71. Rc4 Ke7 72.
Re4+ Kf6 73. Rd4 Qe8 74. Rd8 Qe3+ 75. Kxa6 Qe6+ 76. Kb7 Qe4+ 77. Ka6 Qc6+ 78.
Ka7 Qxc7+ 0-1

[Event "Top16 Gonfreville l'Orcher"]
[Site "?"]
[Date "2007.05.01"]
[Round "7"]
[White "Bijaoui, Manuel"]
[Black "Payen, Aranud"]
[Result "0-1"]
[WhiteElo "2388"]
[BlackElo "2378"]
[PlyCount "149"]
[EventDate "2007.??.??"]
[SourceDate "2007.04.30"]
[WhiteTeam "Antibes"]
[BlackTeam "Gonfreville"]

1. e4 g6 2. d4 Bg7 3. Nc3 c6 4. Nf3 d5 5. h3 Nh6 6. Bd3 O-O 7. O-O dxe4 8. Nxe4
Nf5 9. c3 Nd7 10. Bf4 Nb6 11. Re1 Nd5 12. Bh2 b6 13. Qa4 Bb7 14. Rad1 Bh6 15.
Ne5 Qc8 16. Qa3 Bf4 17. Bxf4 Nxf4 18. Bf1 Qc7 19. g3 Nd5 20. Bg2 Rad8 21. c4
Nf6 22. Nxf6+ exf6 23. Nf3 Rd7 24. Qc3 Rfd8 25. b3 a5 26. h4 Re7 27. Rxe7 Qxe7
28. Qb2 h5 29. a3 Ba6 30. d5 Bb7 31. Nd4 Qe5 32. f4 Qe3+ 33. Qf2 Qxf2+ 34. Kxf2
Nxd4 35. Rxd4 cxd5 36. cxd5 Kf8 37. Ke3 Ke8 38. Rd2 Kd7 39. Kd4 Kd6 40. Rb2 Rc8
41. a4 Rc1 42. b4 Rd1+ 43. Ke3 Bxd5 44. Ke2 Ra1 45. Bxd5 Kxd5 46. bxa5 bxa5 47.
Rb5+ Ke4 48. Rxa5 Ra2+ 49. Kd1 Kf3 50. Ra7 Kxg3 51. Rxf7 f5 52. Rf6 Rxa4 53.
Rxg6+ Kxh4 54. Ke2 Rxf4 55. Ke3 Rg4 56. Rf6 Kg3 57. Rxf5 h4 58. Rf3+ Kg2 59.
Rf2+ Kg1 60. Ra2 h3 61. Kf3 Rg2 62. Ra1+ Kh2 63. Rf1 Rg3+ 64. Ke2 Rg8 65. Rf2+
Kh1 66. Kf3 Kg1 67. Ra2 Rg2 68. Ra1+ Kh2 69. Rf1 Rg3+ 70. Ke2 Ra3 71. Rf2+ Kg3
72. Rf8 h2 73. Rg8+ Kh3 74. Kf2 Ra2+ 75. Ke1 0-1

[Event "Top16 Gonfreville l'Orcher"]
[Site "?"]
[Date "2007.05.01"]
[Round "7"]
[White "Cochet, Caroline"]
[Black "Collas, Silvia"]
[Result "0-1"]
[WhiteElo "2059"]
[BlackElo "2401"]
[PlyCount "88"]
[EventDate "2007.??.??"]
[SourceDate "2007.04.30"]
[WhiteTeam "Antibes"]
[BlackTeam "Gonfreville"]

1. e4 c5 2. Nf3 e6 3. d3 Nc6 4. g3 g6 5. Bg2 Bg7 6. O-O Nge7 7. Re1 e5 8. Nc3
h6 9. Nd2 d6 10. Nc4 a6 11. a4 b6 12. Rf1 Be6 13. Ne3 O-O 14. f4 f5 15. exf5
gxf5 16. Ned5 Rb8 17. Be3 Nb4 18. Nxb4 cxb4 19. Ne2 Bd5 20. Bh3 Kh7 21. Qd2 Qc7
22. Rac1 Ba8 23. Bg2 Bxg2 24. Kxg2 Qc6+ 25. Kg1 Qxa4 26. Ra1 Qc6 27. Rxa6 Nd5
28. Bf2 Ra8 29. Rfa1 Rxa6 30. Rxa6 Ra8 31. Rxa8 Qxa8 32. c4 bxc3 33. Nxc3 exf4
34. gxf4 Qa1+ 35. Kg2 Bxc3 36. bxc3 Qxc3 37. Qxc3 Nxc3 38. Bxb6 Nd5 39. Ba7
Nxf4+ 40. Kf3 Nxd3 41. Bb8 d5 42. Ke3 Nb4 43. Bd6 Nc6 44. Bf4 Nd8 0-1

[Event "Top16 Gonfreville l'Orcher"]
[Site "?"]
[Date "2007.05.01"]
[Round "7"]
[White "Asrian, Karen"]
[Black "Genov, Petar"]
[Result "1/2-1/2"]
[WhiteElo "2635"]
[BlackElo "2474"]
[PlyCount "61"]
[EventDate "2007.??.??"]
[SourceDate "2007.04.30"]
[WhiteTeam "Bischwiller"]
[BlackTeam "Marseille"]

1. e4 c5 2. Nf3 d6 3. d4 cxd4 4. Nxd4 Nf6 5. Nc3 e6 6. Be2 Be7 7. O-O O-O 8. f4
Nc6 9. Be3 Nxd4 10. Qxd4 b6 11. Rad1 Bb7 12. Bf3 Qc7 13. Nb5 Qc8 14. c4 Rd8 15.
Nc3 Nd7 16. Qd3 a6 17. Rc1 Qc7 18. Ne2 Rac8 19. Ng3 Bc6 20. b4 Qb8 21. Ne2 Qa8
22. Nd4 Bb7 23. Nb3 Bc6 24. Nd4 Bb7 25. Nb3 Bc6 26. Qb1 Rb8 27. Nd4 Bb7 28. Nb3
Bc6 29. Nd4 Bb7 30. Bf2 Rbc8 31. Rfe1 1/2-1/2

[Event "Top16 Gonfreville l'Orcher"]
[Site "?"]
[Date "2007.05.01"]
[Round "7"]
[White "Buhmann, Rainer"]
[Black "Jedynak, Radoslaw"]
[Result "1/2-1/2"]
[WhiteElo "2581"]
[BlackElo "2538"]
[PlyCount "28"]
[EventDate "2007.??.??"]
[SourceDate "2007.04.30"]
[WhiteTeam "Bischwiller"]
[BlackTeam "Marseille"]

1. Nf3 Nf6 2. c4 e6 3. g3 d5 4. d4 Bb4+ 5. Nbd2 dxc4 6. Bg2 b5 7. O-O O-O 8. a4
c6 9. Ne5 Nd5 10. e4 Nf6 11. Ndf3 Bb7 12. Qe2 Nbd7 13. Rd1 a6 14. Bg5 Be7
1/2-1/2

[Event "Top16 Gonfreville l'Orcher"]
[Site "?"]
[Date "2007.05.01"]
[Round "7"]
[White "Heberla, Bartolomey"]
[Black "Netzer, Jean"]
[Result "1-0"]
[WhiteElo "2533"]
[BlackElo "2396"]
[PlyCount "73"]
[EventDate "2007.??.??"]
[SourceDate "2007.04.30"]
[WhiteTeam "Marseille"]
[BlackTeam "Bischwiller"]

1. e4 c5 2. Nf3 e6 3. d4 cxd4 4. Nxd4 Nc6 5. Nc3 Qc7 6. Be2 a6 7. O-O Nf6 8.
Be3 Bb4 9. Na4 Be7 10. Nxc6 bxc6 11. Nb6 Rb8 12. Nxc8 Qxc8 13. Bd4 c5 14. Be5
Rb6 15. Qd3 d6 16. Bc3 O-O 17. b3 d5 18. e5 Nd7 19. Qg3 f5 20. exf6 Bxf6 21.
Bxf6 Nxf6 22. c4 Qb8 23. Qh4 a5 24. cxd5 Rb4 25. Qg5 exd5 26. Bf3 Qd6 27. Rad1
Rd8 28. Rfe1 a4 29. g3 d4 30. Be2 axb3 31. axb3 Ne4 32. Qh4 Nc3 33. Bd3 h6 34.
Re6 Qxe6 35. Qxd8+ Kf7 36. Ra1 Qe7 37. Bg6+ 1-0

[Event "Top16 Gonfreville l'Orcher"]
[Site "?"]
[Date "2007.05.01"]
[Round "7"]
[White "Mensch, Etienne"]
[Black "Goldjztein, Gildas"]
[Result "1/2-1/2"]
[WhiteElo "2348"]
[BlackElo "2328"]
[PlyCount "26"]
[EventDate "2007.??.??"]
[SourceDate "2007.04.30"]
[WhiteTeam "Bischwiller"]
[BlackTeam "Marseille"]

1. Nf3 d5 2. c4 c6 3. e3 Nf6 4. Qc2 g6 5. d4 Bf5 6. Qb3 Qb6 7. Nc3 Qxb3 8. axb3
Na6 9. Ra4 Nc7 10. c5 Bg7 11. Nh4 Bd7 12. f4 Ne4 13. Bd3 Bf5 1/2-1/2

[Event "Top16 Gonfreville l'Orcher"]
[Site "?"]
[Date "2007.05.01"]
[Round "7"]
[White "Delorme, Laurie"]
[Black "Lallemand, Roza"]
[Result "1/2-1/2"]
[WhiteElo "2026"]
[BlackElo "2222"]
[PlyCount "73"]
[EventDate "2007.??.??"]
[SourceDate "2007.04.30"]
[WhiteTeam "Marseille"]
[BlackTeam "Bischwiller"]

1. d4 Nf6 2. Nf3 g6 3. c4 Bg7 4. Nc3 O-O 5. Bg5 h6 6. Bh4 d6 7. e3 Nbd7 8. Be2
c5 9. d5 Re8 10. Qc2 a6 11. Nd2 Nf8 12. O-O Bd7 13. a4 Qc8 14. Bg3 Bf5 15. e4
Bg4 16. Bxg4 Nxg4 17. Rae1 g5 18. h4 Ng6 19. hxg5 hxg5 20. Nf3 f6 21. e5 N6xe5
22. Bxe5 Nxe5 23. Nxe5 dxe5 24. Ne4 Rd8 25. Ng3 Kf7 26. Qe4 Rb8 27. Nf5 Qd7 28.
Qg4 e6 29. dxe6+ Qxe6 30. Qh5+ Kg8 31. Qg6 Rd7 32. Rd1 Kf8 33. Rd5 Qf7 34. Qh7
Rxd5 35. cxd5 Qg8 36. Qg6 Qf7 37. Qh7 1/2-1/2

[Event "Top16 Gonfreville l'Orcher"]
[Site "?"]
[Date "2007.05.01"]
[Round "7"]
[White "Calistri, Tristan"]
[Black "Vachier Lagrave, Maxime"]
[Result "0-1"]
[WhiteElo "2368"]
[BlackElo "2593"]
[PlyCount "80"]
[EventDate "2007.??.??"]
[SourceDate "2007.04.30"]
[WhiteTeam "Créteil"]
[BlackTeam "Paris Chess Club"]

1. e4 c5 2. Nf3 d6 3. d4 cxd4 4. Nxd4 Nf6 5. Nc3 a6 6. Be2 e5 7. Nb3 Be7 8. O-O
O-O 9. Kh1 b6 10. Be3 Bb7 11. f3 b5 12. a4 b4 13. Nd5 Nxd5 14. exd5 Nd7 15. c3
bxc3 16. bxc3 Bg5 17. Bf2 Rc8 18. c4 Nb6 19. Na5 Ba8 20. Qe1 Qc7 21. Ra2 Rb8
22. Bd3 Nd7 23. Bf5 g6 24. Bxd7 Qxd7 25. Ra1 Rfc8 26. Be3 Bxe3 27. Qxe3 Qd8 28.
Nc6 Bxc6 29. dxc6 Rxc6 30. f4 exf4 31. Qxf4 Qc7 32. Rae1 Rxc4 33. Qf6 Rf8 34.
Re7 Qd8 35. h4 h5 36. Rf5 Rg4 37. Rd5 Qb6 38. Rxd6 Rxh4+ 39. Qxh4 Qxd6 40. Qe4
Rc8 0-1

[Event "Top16 Gonfreville l'Orcher"]
[Site "?"]
[Date "2007.05.01"]
[Round "7"]
[White "Nataf, Igor"]
[Black "Dourérassou, Jonathan"]
[Result "1-0"]
[WhiteElo "2596"]
[BlackElo "2350"]
[PlyCount "53"]
[EventDate "2007.??.??"]
[SourceDate "2007.04.30"]
[WhiteTeam "Paris Chess Club"]
[BlackTeam "Créteil"]

1. e4 c5 2. Nf3 Nc6 3. Nc3 e6 4. d4 cxd4 5. Nxd4 Nf6 6. Nxc6 bxc6 7. e5 Nd5 8.
Ne4 Qc7 9. f4 Qb6 10. c4 Ne3 11. Qd3 Nf5 12. g4 Nd4 13. Bg2 Bb7 14. Bd2 Rd8 15.
b4 c5 16. bxc5 Bxc5 17. Rb1 Bxe4 18. Bxe4 Qa6 19. Bc3 Qa3 20. Rd1 d5 21. cxd5
exd5 22. Bxd4 Qb4+ 23. Qd2 dxe4 24. Bxc5 Rxd2 25. Bxb4 Rxa2 26. O-O e3 27. Rd3
1-0

[Event "Top16 Gonfreville l'Orcher"]
[Site "?"]
[Date "2007.05.01"]
[Round "7"]
[White "Bouchet, Nicolas"]
[Black "Hauchard, Arnaud"]
[Result "0-1"]
[WhiteElo "2316"]
[BlackElo "2474"]
[PlyCount "78"]
[EventDate "2007.??.??"]
[SourceDate "2007.04.30"]
[WhiteTeam "Créteil"]
[BlackTeam "Paris Chess Club"]

1. e4 c5 2. c3 Nf6 3. e5 Nd5 4. d4 cxd4 5. Nf3 Nc6 6. cxd4 d6 7. Bc4 Nb6 8. Bb5
dxe5 9. Nxe5 Bd7 10. Nxd7 Qxd7 11. Nc3 e6 12. O-O Be7 13. Be3 O-O 14. Qg4 Rfd8
15. Rad1 Nd5 16. Bh6 g6 17. Bg5 h5 18. Qh4 Bxg5 19. Qxg5 Nxc3 20. bxc3 Qd5 21.
Qxd5 Rxd5 22. Bc4 Rd6 23. Be2 Rc8 24. Rb1 Na5 25. Rfc1 Rdc6 26. c4 Nxc4 27.
Rxb7 Nd6 28. Rxc6 Rxc6 29. Rb8+ Kg7 30. g3 Rc2 31. Bf3 Rxa2 32. d5 e5 33. Rd8
Ra6 34. Be2 Rb6 35. Rd7 a6 36. Rc7 Kf6 37. Rc6 Rxc6 38. dxc6 a5 39. c7 a4 0-1

[Event "Top16 Gonfreville l'Orcher"]
[Site "?"]
[Date "2007.05.01"]
[Round "7"]
[White "De Sousa, José-Claude"]
[Black "Brih, Said"]
[Result "1-0"]
[WhiteElo "2294"]
[BlackElo "2222"]
[PlyCount "65"]
[EventDate "2007.??.??"]
[SourceDate "2007.04.30"]
[WhiteTeam "Paris Chess Club"]
[BlackTeam "Créteil"]

1. e4 c5 2. Nf3 Nc6 3. Bb5 g6 4. Bxc6 dxc6 5. d3 Bg7 6. h3 e5 7. Be3 Qe7 8. Qd2
Nf6 9. Nc3 O-O 10. O-O Ne8 11. a3 Nc7 12. b4 Ne6 13. bxc5 Nd4 14. Bxd4 exd4 15.
Na4 f5 16. e5 f4 17. Rfe1 g5 18. e6 h5 19. h4 gxh4 20. Re4 Bh6 21. Rae1 Kh8 22.
Re5 Qf6 23. Qe2 Re8 24. Qe4 h3 25. gxh3 b5 26. cxb6 axb6 27. Nxb6 Rxa3 28. Nxc8
Rxc8 29. e7 Re8 30. Re6 Qg7+ 31. Kh2 Rc3 32. Rg1 Qh7 33. Rxh6 1-0